Music Quiz

Random Music Quiz

Call On Me Lyrics Quiz Stats

 Plays Quiz not verified by Sporcle

Score 0/148 Timer 01:00
0 Plays Today
Lyrics % Correct
Call
98.8%
on
98.8%
me
98.8%
call
98.8%
on
98.8%
me
98.8%
call
98.8%
on
98.8%
me
98.8%
call
98.8%
on
98.8%
me
98.8%
call
98.8%
on
98.8%
me
98.8%
call
98.8%
on
98.8%
me
98.8%
call
98.8%
on
98.8%
me
98.8%
call
98.8%
on
98.8%
me
98.8%
call
98.8%
on
98.8%
me
98.8%
Call
98.8%
on
98.8%
me
98.8%
call
98.8%
on
98.8%
me
98.8%
call
98.8%
on
98.8%
me
98.8%
call
98.8%
on
98.8%
me
98.8%
call
98.8%
on
98.8%
me
98.8%
call
98.8%
on
98.8%
me
98.8%
call
98.8%
on
98.8%
me
98.8%
call
98.8%
on
98.8%
Lyrics % Correct
me
98.8%
call
98.8%
on
98.8%
me
98.8%
Call
98.8%
on
98.8%
me
98.8%
call
98.8%
on
98.8%
me
98.8%
call
98.8%
on
98.8%
me
98.8%
call
98.8%
on
98.8%
me
98.8%
call
98.8%
on
98.8%
me
98.8%
call
98.8%
on
98.8%
me
98.8%
call
98.8%
on
98.8%
me
98.8%
call
98.8%
on
98.8%
me
98.8%
call
98.8%
on
98.8%
me
98.8%
Call
98.8%
on
98.8%
me
98.8%
call
98.8%
on
98.8%
me
98.8%
call
98.8%
on
98.8%
me
98.8%
call
98.8%
on
98.8%
me
98.8%
call
98.8%
on
98.8%
me
98.8%
call
98.8%
on
98.8%
me
98.8%
call
98.8%
Lyrics % Correct
on
98.8%
me
98.8%
call
98.8%
on
98.8%
me
98.8%
call
98.8%
on
98.8%
me
98.8%
the
73.3%
the
73.3%
the
73.3%
the
73.3%
the
73.3%
I
69.6%
I
69.6%
I
69.6%
I
69.6%
I
69.6%
to
50.3%
to
50.3%
to
50.3%
to
50.3%
to
50.3%
I'm
47.8%
I'm
47.8%
I'm
47.8%
I'm
47.8%
I'm
47.8%
be
47.2%
be
47.2%
be
47.2%
be
47.2%
be
47.2%
boy
41%
boy
41%
boy
41%
boy
41%
boy
41%
same
40.4%
same
40.4%
same
40.4%
same
40.4%
same
40.4%
used
38.5%
used
38.5%
used
38.5%
used
38.5%
used
38.5%

You're not logged in!

Compare scores with friends on all Sporcle quizzes.
OR
Log In

Show Comments

Extras

Created Nov 3, 2010ReportNominate
Tags:eric, hit, pop, single

Top Quizzes Today


Score Distribution

Your Account Isn't Verified!

In order to create a playlist on Sporcle, you need to verify the email address you used during registration. Go to your Sporcle Settings to finish the process.

Report this User

Report this user for behavior that violates our Community Guidelines.

Details: